| Tag |
First Indicator |
Second Indicator |
Subfields |
| LEADER |
00000cas a2200000 a 4500 |
| 001 |
in00001309821 |
| 005 |
20151005063712.0 |
| 008 |
960828u19uuuuuuxx ar 1 a0eng d |
| 035 |
|
|
|a (OCoLC)35314063
|
| 035 |
|
|
|9 AHB9898AM
|
| 040 |
|
|
|a TXA
|c TXA
|d UtOrBLW
|
| 049 |
|
|
|a TXAE
|
| 090 |
|
|
|a TK2861
|b .W45
|
| 245 |
0 |
0 |
|a Western Protective Relay Conference.
|
| 264 |
|
1 |
|a [Place of publication not identified] :
|b [publisher not identified]
|
| 300 |
|
|
|a volumes
|
| 310 |
|
|
|a Annual
|
| 336 |
|
|
|a text
|b txt
|2 rdacontent
|
| 337 |
|
|
|a unmediated
|b n
|2 rdamedia
|
| 338 |
|
|
|a volume
|b nc
|2 rdacarrier
|
| 500 |
|
|
|a Description based on 19th (1992).
|
| 500 |
|
|
|a Loose-leaf.
|
| 500 |
|
|
|a Title from cover.
|
| 550 |
|
|
|a Conferences for 19 - sponsored by Washington State University.
|
| 650 |
|
0 |
|a Protective relays.
|
| 650 |
|
0 |
|a Electric relays.
|
| 710 |
2 |
|
|a Washington State University.
|
| 948 |
|
|
|a Inactive Gift.
|
| 999 |
|
|
|a MARS
|
| 999 |
f |
f |
|s df06f789-a281-34bc-b563-90b8a5c2a0f0
|i c9d2003e-6cae-35ba-b762-a0944c8a0226
|t 0
|
| 952 |
f |
f |
|p ric
|a Texas A&M University
|b Rellis Campus
|c Joint Library Facility
|d Remote Storage
|t 0
|e TK2861 .W45
|h Library of Congress classification
|i unmediated -- volume
|k 19th
|l 1992
|m A14820006293
|
| 998 |
f |
f |
|a TK2861 .W45
|s 19th (1992)
|t 0
|l Remote Storage
|